Statistics for Close in Area Countries

Click here to take the quiz!

General Stats

  • This quiz has been taken 89 times
  • The average score is 7 of 20

Answer Stats

QuestionAnswer% Correct
CanadaChina
81%
MadagascarKenya
58%
CubaIceland
45%
BrazilAustralia
44%
MontenegroBahamas
34%
TurkeyChile
33%
GreeceNicaragua
33%
United KingdomRomania
33%
PakistanNigeria
31%
MexicoLibya
30%
FijiKuwait
29%
SpainThailand
28%
NorwayVietnam
28%
CambodiaUruguay
26%
HungarySouth Korea
25%
SenegalBelarus
24%
PanamaIreland
24%
AfghanistanMyanmar
23%
ItalyPoland
23%
SlovakiaDominican Republic
19%

Score Distribution

Percentile by Number Answered

Percent of People with Each Score

Your Score History

You have not taken this quiz